000
00309nam a2200133Ia 4500
008
191201s2005 xx 000 0 und d
082
_a
658.3008
_b
ROC
100
_a
ROHMETRA, Neelu
245
0
_a
Cultural Paradigm
260
_a
N.Delhi
_b
Excel Books
_c
2005
300
_a
159
650
_a
MBA
942
_2
ddc
_c
BK
999
_c
2727
_d
2727